THE HARDEST MLP QUIZ EVER - Statistics

General Stats
  • This quiz has been taken 287 times
  • The average score is 11 of 20
Answer Stats
Hint Answer % Correct
1 Princess Celestia
97%
2 Princess Luna
97%
5 Princess Twilight Sparkle
92%
13 Ts Twilight Sparkle
92%
12 Aj Applejack
91%
10 Rd Rainbow dash
88%
8 Pp Pinkie pie
84%
14 R Rarity
84%
7 F Fluttershy
82%
4 Princess Cadance
68%
15 S Spike
67%
19 T Tank
27%
6 Princess Sunset Shimmer
26%
20 G Gummy
25%
21 A Angel
17%
18 Ow Owlowiscious
11%
9 T Thorax
7%
17 O Opalescent
4%
16 Pw Pewe
4%
3 Princess Of the changlings
3%
No matching quizzes found
Score Distribution
Percent of People with Each Score
Percentile by Number Answered
Your Score History
You have not taken this quiz